Oscar Winning Films - Sudden Death - Statistics

General Stats
  • This quiz has been taken 119 times
  • The average score is 6 of 15
Answers on the Grid
Answers color-coded by a green-red scale on the quiz's grid according to % correct below.
Parasite
Rain Man
Schinder's List
Forrest Gump
A Beautiful Mind
Slumdog Millionaire
Nightmare Alley
Manchester By The Sea
The Imitation Game
Django Unchained
Inception
Inglourious Basterds
There Will Be Blood
Killers of the Flower Moon
Interstellar
Theory of Everything
Nomadland
Gladiator
The Godfather
Citizen Kane
The Wolf of Wall Street
La La Land
Oppenheimer
No Country For Old Men
The Silence of the Lambs
E.T. the Extra-Terrestrial
Raiders of the Lost Ark
Braveheart
Million Dollar Baby
Lawrence of Arabia
 
Answer Stats
Answer % Correct
Schinder's List
56%
Forrest Gump
53%
The Godfather
49%
Oppenheimer
48%
Parasite
48%
Slumdog Millionaire
43%
The Silence of the Lambs
43%
Gladiator
40%
Braveheart
36%
Million Dollar Baby
36%
No Country For Old Men
35%
A Beautiful Mind
33%
Rain Man
29%
Nomadland
28%
Lawrence of Arabia
27%
No matching quizzes found
Score Distribution
Percent of People with Each Score
Percentile by Number Answered
Your Score History
You have not taken this quiz